Central Library OPAC University of Rajshahi

Plasma proteins : (Record no. 10766)

MARC details
000 -LEADER
fixed length control field 01008nam a2200289 a 4500
001 - CONTROL NUMBER
control field 10766
003 - CONTROL NUMBER IDENTIFIER
rucl marc code BD-RjUL
005 - DATE AND TIME OF LATEST TRANSACTION
control field 20211208235019.0
008 - FIXED-LENGTH DATA ELEMENTS--GENERAL INFORMATION
fixed length control field 140125s1977 enka b 001 0 eng
020 ## - INTERNATIONAL STANDARD BOOK NUMBER
International Standard Book Number 0632002794 :
035 ## - SYSTEM CONTROL NUMBER
System control number (BD-RjUL)10815
040 ## - CATALOGING SOURCE
Original cataloging agency LC
Language of cataloging eng
Transcribing agency LC
Modifying agency BD-RjUL
041 ## - LANGUAGE CODE
Language code of text/sound track or separate title eng
082 04 - DEWEY DECIMAL CLASSIFICATION NUMBER
Classification number 612.012
Author mark and year ALP 1977
100 1# - MAIN ENTRY--PERSONAL NAME
Personal name Allen, Peter Charles.
9 (RLIN) 33300
245 10 - TITLE STATEMENT
Title Plasma proteins :
Remainder of title analytical and preparative techniques /
Statement of responsibility, etc. by Peter C. Allen, Elizabeth A. Hill, Alistair M. Stokes.
260 ## - PUBLICATION, DISTRIBUTION, ETC. (IMPRINT)
Place of publication, distribution, etc. Oxford :
Name of publisher, distributor, etc. Blackwell Scientific Publications ;
Place of publication, distribution, etc. Philadelphia :
Name of publisher, distributor, etc. distributed by Lippincott,
Date of publication, distribution, etc. 1977.
300 ## - PHYSICAL DESCRIPTION
Pagination vi, 254 p. :
Illustrations ill. ;
Size 25 cm.
504 ## - BIBLIOGRAPHY, ETC. NOTE
Bibliography, etc Includes index.
Bibliography, etc Bibliography: p. [239]-247.
650 #0 - SUBJECT ADDED ENTRY--TOPICAL TERM
Topical term or geographic name as entry element Plasma proteins
General subdivision Analysis.
9 (RLIN) 33301
Topical term or geographic name as entry element Blood proteins
General subdivision Analysis.
9 (RLIN) 33321
700 1# - ADDED ENTRY--PERSONAL NAME
Personal name Hill, Elizabeth A,
Relator term joint author.
Personal name Stokes, Alistair M,
Relator term joint author.
942 ## - ADDED ENTRY ELEMENTS (KOHA)
Source of classification or shelving scheme Dewey Decimal Classification
Koha item type Books
Holdings
Lost status Source of classification or shelving scheme Damaged status Not for loan Collection code Permanent Location Current Location Shelving location Date acquired Source of acquisition Cost, normal purchase price Total Checkouts Full call number Date last seen Copy number Koha item type
  Dewey Decimal Classification     Non-fiction Central Library, University of Rajshahi Central Library, University of Rajshahi   17/12/1981 Heffers. 11.75   612.012 ALP 1977 25/01/2014 C-2 Books
  Dewey Decimal Classification   Not For Loan Non-fiction Central Library, University of Rajshahi Central Library, University of Rajshahi Reading Room 17/12/1981 Heffers. 11.75   612.012 ALP 1977 15/05/2017 C-1 Books